Brazilian Capitals Map Quiz - Statistics

General Stats
  • This quiz has been taken 46 times
  • The average score is 17 of 27
Answers on the Map
Answers color-coded by a green-red scale on the quiz's map according to % correct below.
 
Answer Stats
Answer % Correct
Manaus
91%
Brasília
88%
Rio de Janeiro
73%
Salvador
73%
Belém
70%
Fortaleza
70%
Campo Grande
67%
Curitiba
67%
Goiânia
67%
Porto Alegre
67%
São Paulo
67%
Teresina
67%
Belo Horizonte
64%
Boa Vista
64%
Palmas
64%
São Luís
64%
Cuiabá
61%
Florianópolis
61%
Macapá
61%
Rio Branco
61%
Natal
58%
Recife
58%
Vitória
58%
Maceió
55%
João Pessoa
52%
Porto Velho
52%
Aracaju
48%
No matching quizzes found
Score Distribution
Percent of People with Each Score
Percentile by Number Answered
Your Score History
You have not taken this quiz